| 000 | 00692cab a2200217 4500 | ||
|---|---|---|---|
| 001 | ABS48965 | ||
| 008 | 090401t1993 xxu||||| |||| 00| 0 eng d | ||
| 035 | _a(Sirsi) u69270 | ||
| 041 | _aeng | ||
| 100 | _aPoustie, M. | ||
| 245 | 4 | _aThe Environmental Information Regulations | |
| 260 | _c1993 | ||
| 350 | _a0 | ||
| 490 |
_aScottish Planning and Environmental Law _v(39) June 1993, 43-44(2) |
||
| 520 | _aOutlines the Environmental Information Regulations 1992, which came into force on 31 December 1992. | ||
| 650 | _aENVIRONMENTAL INFORMATION REGULATIONS 1992 | ||
| 650 | _aENVIRONMENTAL LAW | ||
| 690 | _aENVIRONMENTAL AND LAND CONSULTANCY | ||
| 942 | _n0 | ||
| 948 | _c04/03/1997 | ||
| 999 |
_c43505 _d43505 |
||